Statystyki dla Układ okresowy Quiz o symbolach

Kliknij tutaj aby rozwiązać quiz!

Ogólne statystyki

  • Ten quiz został rozwiązany 281 razy
  • Średni wynik to 55 z 118

Statystyki odpowiedzi

#element% Poprawnych
1WodórH
100%
7AzotN
96%
5BorB
95%
6WęgielC
95%
9FluorF
95%
8TlenO
95%
15FosforP
94%
16SiarkaS
94%
19PotasK
93%
2HelHe
86%
53JodI
82%
3LitLi
81%
74WolframW
81%
12MagnezMg
77%
92UranU
76%
35BromBr
75%
23WanadV
75%
4BerylBe
74%
79ZłotoAu
72%
11SódNa
72%
10NeonNe
72%
47SrebroAg
70%
26ŻelazoFe
70%
18ArgonAr
69%
20WapńCa
69%
39ItrY
68%
14KrzemSi
67%
13GlinAl
65%
56BarBa
65%
17ChlorCl
65%
29MiedźCu
65%
84PolonPo
64%
88RadRa
63%
54KsenonXe
61%
25ManganMn
59%
27KobaltCo
57%
36KryptonKr
57%
22TytanTi
57%
32GermanGe
55%
30CynkZn
55%
24ChromCr
54%
80RtęćHg
54%
28NikielNi
54%
50CynaSn
53%
33ArsenAs
52%
87FransFr
52%
82OłówPb
51%
95AmerykAm
48%
31GalGa
48%
34SelenSe
48%
42MolibdenMo
46%
38StrontSr
45%
73TantalTa
44%
89AktynAc
43%
55CezCs
43%
52TellurTe
43%
91ProtaktynPa
41%
78PlatynaPt
41%
37RubidRb
41%
58CerCe
40%
57LantanLa
40%
118OganesonOg
40%
21SkandSc
39%
83BizmutBi
37%
99EinsteinEs
37%
63EuropEu
37%
102NobelNo
37%
94PlutonPu
37%
85AstatAt
35%
114FlerowFl
35%
59PrazeodymPr
35%
86RadonRn
35%
46PalladPd
34%
44RutenRu
34%
81TalTl
34%
93NeptunNp
33%
75RenRe
33%
51AntymonSb
33%
76OsmOs
32%
77IrydIr
31%
48KadmCd
30%
112KopernikCn
30%
115MoscowMc
30%
101MendelewMd
30%
41NiobNb
30%
45RodRh
28%
72HafnHf
27%
117TenesTs
27%
107BohrBh
26%
96KiurCm
26%
110DarmsztadtDs
26%
68ErbEr
26%
43TechnetTc
26%
105DubnDb
25%
67HolmHo
25%
49IndIn
25%
61PrometPm
25%
104RutherfordRf
25%
90TorTh
25%
103LorensLr
24%
71LutetLu
24%
116LiwermorLv
24%
40CyrkonZr
24%
106SeaborgSg
23%
97BerkelBk
22%
60NeodymNd
22%
64GadolinGd
21%
108HasHs
21%
109MeitnerMt
21%
62SamarSm
21%
65TerbTb
21%
98KalifornCf
19%
66DysprozDy
19%
69TulTm
19%
113NihonNh
18%
111RoentgenRg
18%
100FermFm
17%
70IterbYb
17%

Rozkład punktacji

Percentyl według liczby udzielonych odpowiedzi

Procent ludzi z każdym wynikiem

Twoja historia wyników

Nie rozwiązałeś tego quizu